Mechanical vibrations
Sparad:
| Huvudupphovsman: | |
|---|---|
| Materialtyp: | Bok |
| Språk: | engelska |
| Publicerad: |
Upper Saddle River
Prentice Hall
2011
|
| Upplaga: | 5a. ed |
| Ämnen: | |
| Taggar: |
Lägg till en tagg
Inga taggar, Lägg till första taggen!
|
MARC
| LEADER | 00000cam a2200000 a 4500 | ||
|---|---|---|---|
| 001 | UCF4336 | ||
| 003 | CL-VaPUC | ||
| 008 | 121130e20110000US |||||||||||||||||eng|d | ||
| 020 | |a 9780132128193 | ||
| 082 | 0 | 4 | |a 620.3 |b RAO |2 21 |
| 100 | 0 | |a Rao, Singiresu S |e author |9 565843 | |
| 245 | 1 | 0 | |a Mechanical vibrations |
| 250 | |a 5a. ed | ||
| 300 | |a 1084 p | ||
| 942 | |c BK | ||
| 945 | |d 20121130 00:00:00 |a dcastane | ||
| 260 | |a Upper Saddle River |b Prentice Hall |c 2011 | ||
| 650 | 0 | |a Vibraciones mecánicas |9 369356 | |
| 650 | 0 | |a Cinemática |9 260942 | |
| 650 | 7 | |a OSCILADORES |2 CL-VaPUC |9 345821 | |
| 650 | 7 | |a GIROSCOPIOS |2 CL-VaPUC |9 360177 | |
| 583 | |a last modification |c 20121130 23:21:00 |k Rodrigo Vera | ||
| 999 | |c 350143 |d 350141 | ||
| 952 | |0 0 |1 0 |4 0 |6 620_300000000000000_RAO_2011 |7 0 |8 A |9 453336 |a BIBING |b BIBING |d 2019-11-22 |i 492892K |l 1 |o 620.3 RAO 2011 |p 492892K |r 2025-01-20 |s 2023-11-14 |w 2019-11-22 |y BK |k CIC | ||